Statistics for Every NCAA Division I School in Missouri

Click here to take the quiz!

General Stats

  • This quiz has been taken 25 times
    (19 since last reset)
  • The average score is 4 of 6

Answer Stats

AnswerConference% Correct
MissouriSEC
100%
Missouri StateMissouri Valley
100%
Kansas CitySummit League
76%
St. LouisAtlantic 10
76%
SEMOOhio Valley
53%
LindenwoodOhio Valley
29%

Score Distribution

Percentile by Number Answered

Percent of People with Each Score

Your Score History

You have not taken this quiz since the last reset